| 000 | 00587nam a2200169Ia 4500 | ||
|---|---|---|---|
| 008 | 180921t2018 xxu||||| |||| 00| 0 sin d | ||
| 041 | _asin | ||
| 080 |
_a8-31 _bමාකෝල් |
||
| 100 | _aමාකෝල් ස්මිත්, ඇලෙක්සැන්ඩර් | ||
| 245 | _aඅකිම්බෝ සහ සිංහයෝ | ||
| 260 |
_bසමයවර්ධන _aකොළඹ _c2018 |
||
| 300 | _aසෙ.මි.21, පි.80 | ||
| 700 |
_aඑඩ්නා මල්කාන්ති _eපරි. |
||
| 942 | _cBK | ||
| 999 |
_c10459 _d10459 |
||
| 003 | LK-CoDNM | ||
| 040 |
_aLK-CoDNM _dLK-CoDNM _eLK-CoDNM |
||